[Event "PRO League Atlantic"]
[Site "chess.com INT"]
[Date "2017.01.18"]
[Round "2"]
[White "Hambleton, Aman"]
[Black "Szabo, G ROM."]
[Result "0-1"]
[WhiteElo "2441"]
[BlackElo "2549"]
[PlyCount "110"]
[EventDate "2017.01.11"]
[EventType "team"]
[EventRounds "7"]
[EventCountry "USA"]
[Source "Mark Crowther"]
[SourceDate "2017.01.23"]
[WhiteTeam "Montreal ChessBrahs"]
[BlackTeam "Toronto Dragons"]

1. d4 Nf6 2. Bf4 g6 3. Nf3 Bg7 4. e3 d6 5. h3 O-O 6. c3 b6 7. Bd3 Bb7 8. O-O
Nbd7 9. a4 c5 10. Bh2 a6 11. Nbd2 cxd4 12. exd4 Nd5 13. Re1 N7f6 14. Qb3 Bh6
15. Ne4 Rb8 16. c4 Nxe4 17. Bxe4 Nf6 18. Bxb7 Rxb7 19. c5 Qc7 20. cxd6 exd6 21.
g4 Bg7 22. Rac1 Qd7 23. d5 b5 24. a5 Rc7 25. Kg2 Rxc1 26. Rxc1 h5 27. gxh5 Ne4
28. Re1 f5 29. Bf4 gxh5 30. Ng5 Bh6 31. h4 Qg7 32. Rg1 Bxg5 33. hxg5 Qd4 34.
Rf1 Rc8 35. f3 Nd2 36. Bxd2 Qxd2+ 37. Rf2 Qxg5+ 38. Kh3 Rc4 39. f4 Rxf4 40.
Rxf4 Qxf4 41. Qc3 Qg4+ 42. Kh2 Qe2+ 43. Kh3 Qf1+ 44. Kh2 Qf4+ 45. Kh3 Qg4+ 46.
Kh2 f4 47. Qf6 Qg3+ 48. Kh1 f3 49. Qe6+ Kg7 50. Qe7+ Kg6 51. Qe6+ Kg5 52. Qe7+
Kg4 53. Qd7+ Kh4 54. Qe7+ Kh3 55. Qe6+ Qg4 0-1

[Event "PRO League Atlantic"]
[Site "chess.com INT"]
[Date "2017.01.18"]
[Round "2"]
[White "Sambuev, Bator"]
[Black "Hambleton, Aman"]
[Result "1/2-1/2"]
[WhiteElo "2539"]
[BlackElo "2441"]
[PlyCount "115"]
[EventDate "2017.01.11"]
[EventType "team"]
[EventRounds "7"]
[EventCountry "USA"]
[Source "Mark Crowther"]
[SourceDate "2017.01.23"]
[WhiteTeam "Toronto Dragons"]
[BlackTeam "Montreal ChessBrahs"]

1. d4 Nf6 2. Nf3 e6 3. e3 b6 4. Bd3 Bb7 5. O-O c5 6. c4 a6 7. Nc3 Be7 8. e4
cxd4 9. Nxd4 d6 10. f4 Nbd7 11. Qe2 Qc7 12. Bd2 O-O 13. Rac1 Rfe8 14. b4 Bf8
15. a3 Rac8 16. Nf3 g6 17. Qf2 Bg7 18. Qh4 Qd8 19. Qh3 d5 20. cxd5 exd5 21. e5
Ne4 22. Bxe4 dxe4 23. Ng5 Nf8 24. Ncxe4 Rxc1 25. Bxc1 h6 26. Nd6 hxg5 27. Nxb7
Qc8 28. Qf3 g4 29. Qd5 Qe6 30. Qxe6 Nxe6 31. Nd6 Re7 32. Be3 b5 33. Rc1 Rc7 34.
Rxc7 Nxc7 35. Kf2 f6 36. Bd4 f5 37. Ke2 Bf8 38. Kd3 Ne6 39. Be3 Bxd6 40. exd6
Kf7 41. g3 Ke8 42. Bd4 Kd7 43. Be5 Kc6 44. Ke3 Kd7 45. Kf2 Nd8 46. Kg2 Nc6 47.
h3 gxh3+ 48. Kxh3 g5 49. g4 fxg4+ 50. Kxg4 gxf4 51. Bxf4 a5 52. bxa5 Nxa5 53.
Bd2 Nc4 54. Bb4 Nxd6 55. Kf4 Nc4 56. Ke4 Nxa3 57. Bxa3 b4 58. Bxb4 1/2-1/2

[Event "PRO League Atlantic"]
[Site "chess.com INT"]
[Date "2017.01.18"]
[Round "2"]
[White "Song, Michael"]
[Black "Hambleton, Aman"]
[Result "0-1"]
[WhiteElo "2415"]
[BlackElo "2441"]
[PlyCount "120"]
[EventDate "2017.01.11"]
[EventType "team"]
[EventRounds "7"]
[EventCountry "USA"]
[Source "Mark Crowther"]
[SourceDate "2017.01.23"]
[WhiteTeam "Toronto Dragons"]
[BlackTeam "Montreal ChessBrahs"]

1. d4 Nf6 2. c4 e6 3. Nc3 Bb4 4. e3 O-O 5. Bd3 d5 6. a3 Bxc3+ 7. bxc3 dxc4 8.
Bxc4 c5 9. Bb2 b5 10. Bd3 Bb7 11. f3 Nd5 12. Qd2 Nc6 13. e4 Nb6 14. Bxb5 Na5
15. Rd1 Qc8 16. Qe2 c4 17. Qc2 Nb3 18. a4 a6 19. a5 Nxa5 20. Ba4 f5 21. Ba3 Rf7
22. e5 Bc6 23. Bxc6 Qxc6 24. Nh3 Nd5 25. Bc1 Nb3 26. O-O a5 27. Rfe1 a4 28. Ba3
h6 29. f4 Qb5 30. Nf2 Nxf4 31. Re3 Nd5 32. Rf3 Qe8 33. Rf1 Kh8 34. Nd1 Rd7 35.
Ne3 Nxe3 36. Rxe3 Rd5 37. Qe2 Rc8 38. Kh1 Qg6 39. Rg1 Rc7 40. g4 f4 41. Rf3 Rf7
42. Qf2 Qe4 43. Re1 Qg6 44. Rxf4 Rxf4 45. Qxf4 Rd7 46. Rf1 Kh7 47. h4 Qd3 48.
Qf3 Qxf3+ 49. Rxf3 Nd2 50. Rf2 Nb1 51. Bb4 a3 52. Ra2 h5 53. gxh5 Kh6 54. Bxa3
Nxc3 55. Bc1+ Kxh5 56. Rg2 Ne4 57. Be3 c3 58. Rc2 Kg4 59. Kg2 Rb7 60. Bf2 Rb2
0-1

[Event "PRO League Atlantic"]
[Site "chess.com INT"]
[Date "2017.01.25"]
[Round "3"]
[White "Hambleton, Aman"]
[Black "Perez Ponsa, Federico"]
[Result "0-1"]
[WhiteElo "2441"]
[BlackElo "2583"]
[PlyCount "44"]
[EventDate "2017.01.11"]
[EventType "team"]
[EventRounds "7"]
[EventCountry "USA"]
[Source "Mark Crowther"]
[SourceDate "2017.01.30"]
[WhiteTeam "Montreal ChessBrahs"]
[BlackTeam "Buenos Aires Krakens"]

1. d4 Nf6 2. c4 e6 3. Nc3 Bb4 4. e3 O-O 5. Nge2 c6 6. Nf4 d5 7. Nd3 Bd6 8. c5
Bc7 9. f4 Ne4 10. Nxe4 dxe4 11. Nf2 f5 12. Bc4 Qe7 13. g4 Kh8 14. Bd2 Nd7 15.
g5 a5 16. a3 a4 17. b4 b5 18. Be2 e5 19. dxe5 Nxe5 20. fxe5 Bxe5 21. Nh3 f4 22.
Nxf4 Qxg5 0-1

[Event "PRO League Atlantic"]
[Site "chess.com INT"]
[Date "2017.01.25"]
[Round "3"]
[White "Hambleton, Aman"]
[Black "Pichot, Alan"]
[Result "1-0"]
[WhiteElo "2441"]
[BlackElo "2548"]
[PlyCount "81"]
[EventDate "2017.01.11"]
[EventType "team"]
[EventRounds "7"]
[EventCountry "USA"]
[Source "Mark Crowther"]
[SourceDate "2017.01.30"]
[WhiteTeam "Montreal ChessBrahs"]
[BlackTeam "Buenos Aires Krakens"]

1. d4 Nf6 2. c4 g6 3. Nc3 Bg7 4. e4 d6 5. f3 O-O 6. Be3 c5 7. Nge2 Nc6 8. Qd2
Qa5 9. O-O-O a6 10. Kb1 b5 11. dxc5 b4 12. Nd5 dxc5 13. Nc1 Nxd5 14. cxd5 Nd4
15. Bc4 Bd7 16. Nb3 Nxb3 17. axb3 Qb6 18. d6 e6 19. Bh6 a5 20. Bxg7 Kxg7 21. h4
h5 22. g4 Rh8 23. Qf4 a4 24. e5 axb3 25. Qf6+ Kg8 26. Kc1 Ra1+ 27. Kd2 Rxd1+
28. Rxd1 hxg4 29. fxg4 Qb7 30. Rf1 Rh7 31. Qd8+ Kg7 32. Qf6+ Kg8 33. Qd8+ Kg7
34. Qe7 Kg8 35. Ke3 Qg2 36. Rf3 Qg1+ 37. Ke2 Qg2+ 38. Ke3 Qg1+ 39. Kf4 Qd4+ 40.
Kg3 Qxe5+ 41. Kh3 1-0

[Event "PRO League Atlantic"]
[Site "chess.com INT"]
[Date "2017.01.25"]
[Round "3"]
[White "Mareco, Sandro"]
[Black "Hambleton, Aman"]
[Result "1-0"]
[WhiteElo "2645"]
[BlackElo "2441"]
[PlyCount "103"]
[EventDate "2017.01.11"]
[EventType "team"]
[EventRounds "7"]
[EventCountry "USA"]
[Source "Mark Crowther"]
[SourceDate "2017.01.30"]
[WhiteTeam "Buenos Aires Krakens"]
[BlackTeam "Montreal ChessBrahs"]

1. Nf3 Nf6 2. c4 c5 3. d4 cxd4 4. Nxd4 b6 5. Nc3 Bb7 6. f3 d6 7. e4 g6 8. Be3
Bg7 9. Be2 Nbd7 10. O-O O-O 11. Qd2 Rc8 12. Rac1 a6 13. Rfd1 Re8 14. Bf1 Qc7
15. Kh1 Qb8 16. b3 Red8 17. Nde2 Bc6 18. Nf4 b5 19. Nfd5 Bxd5 20. cxd5 Rc7 21.
Ne2 Rdc8 22. Nd4 Qb7 23. Nc6 Ne5 24. Nxe5 dxe5 25. Rxc7 Qxc7 26. a4 Qb7 27.
axb5 axb5 28. Rc1 Rb8 29. Rc5 Qa6 30. Qd3 Qa1 31. Rxb5 Rxb5 32. Qxb5 Qe1 33.
Qe2 Qb1 34. Qd3 Qb2 35. Qc4 h5 36. h4 Kh7 37. Kg1 Ne8 38. b4 Nd6 39. Qc5 Bh6
40. Bf2 Bd2 41. b5 Bc3 42. b6 Bd4 43. Bxd4 exd4 44. e5 Nf5 45. d6 exd6 46. exd6
Qd2 47. Qe5 Qb4 48. d7 Qxb6 49. Bd3 Ne3 50. Qe7 Qb2 51. Qxf7+ Kh6 52. Qxg6# 1-0

[Event "PRO League Atlantic"]
[Site "chess.com INT"]
[Date "2017.01.25"]
[Round "3"]
[White "Sanhueza, Cristian"]
[Black "Hambleton, Aman"]
[Result "0-1"]
[WhiteElo "2257"]
[BlackElo "2441"]
[PlyCount "82"]
[EventDate "2017.01.11"]
[EventType "team"]
[EventRounds "7"]
[EventCountry "USA"]
[Source "Mark Crowther"]
[SourceDate "2017.01.30"]
[WhiteTeam "Buenos Aires Krakens"]
[BlackTeam "Montreal ChessBrahs"]

1. e4 e6 2. d4 d5 3. Nd2 c5 4. Ngf3 cxd4 5. exd5 Qxd5 6. Bc4 Qd7 7. O-O Nc6 8.
Nb3 Nf6 9. Nbxd4 Nxd4 10. Nxd4 a6 11. Re1 b5 12. Bb3 Bc5 13. Be3 Qc7 14. a4 b4
15. Nf5 O-O 16. Bxc5 Qxc5 17. Qf3 Ra7 18. Qe3 Qxe3 19. Nxe3 a5 20. Red1 Bd7 21.
Nc4 Rb8 22. f3 Kf8 23. Rd6 Ke7 24. Rad1 Nd5 25. R6xd5 exd5 26. Rxd5 Rba8 27.
Nb6 Rd8 28. Nc4 Be6 29. Rxa5 Rc7 30. Ne5 Bxb3 31. cxb3 Rd1+ 32. Kf2 Rd2+ 33.
Kg3 Rxb2 34. Nc4 Rxb3 35. Re5+ Kf6 36. Re4 g6 37. Ne3 Kg7 38. a5 Ra7 39. Nd5
Rxa5 40. Nxb4 Ra4 41. Nd3 Rxe4 0-1

[Event "PRO League Atlantic"]
[Site "chess.com INT"]
[Date "2017.02.01"]
[Round "4"]
[White "Hambleton, Aman"]
[Black "Cremisi, Daniel"]
[Result "0-1"]
[WhiteElo "2441"]
[BlackElo "2148"]
[PlyCount "124"]
[EventDate "2017.01.11"]
[EventType "team"]
[EventRounds "7"]
[EventCountry "USA"]
[Source "Mark Crowther"]
[SourceDate "2017.02.06"]
[WhiteTeam "Montreal ChessBrahs"]
[BlackTeam "Carolina Cobras"]

1. d4 Nf6 2. c4 e6 3. Nc3 d5 4. cxd5 exd5 5. Bg5 Be7 6. e3 c6 7. Bd3 O-O 8. Qc2
h6 9. Bh4 Re8 10. Nge2 Nbd7 11. O-O Nf8 12. f3 Ne6 13. Bf2 b6 14. Rad1 Bb7 15.
h3 c5 16. Bb5 Rf8 17. dxc5 bxc5 18. Bc4 Qa5 19. Nxd5 Nxd5 20. Bxd5 Bxd5 21.
Rxd5 Qxa2 22. Nc3 Qc4 23. b3 Qb4 24. Rd7 Bh4 25. g3 Bd8 26. Qe4 Qxe4 27. Nxe4
Bb6 28. Rfd1 Rfd8 29. Kf1 Rxd7 30. Rxd7 Rd8 31. Rxd8+ Bxd8 32. Ke2 f5 33. Nd6
g6 34. f4 Bc7 35. Nc4 Kf7 36. Kf3 Ke7 37. e4 Nd4+ 38. Bxd4 cxd4 39. exf5 gxf5
40. Ke2 Ke6 41. Kd3 Kd5 42. Nd2 Ba5 43. Nf3 Bb6 44. g4 fxg4 45. hxg4 Bc7 46. f5
Bb6 47. Nd2 Bd8 48. Nc4 Bf6 49. Nd2 Ke5 50. Ne4 Bh8 51. Nc5 Kf4 52. Nd7 Kxg4
53. f6 h5 54. f7 Bg7 55. Nf6+ Kg5 56. Nd7 h4 57. f8=Q Bxf8 58. Nxf8 h3 59. Ne6+
Kg4 60. Nc5 h2 61. Ne4 Kf3 62. Nd2+ Kg2 0-1

[Event "PRO League Atlantic"]
[Site "chess.com INT"]
[Date "2017.02.01"]
[Round "4"]
[White "Hambleton, Aman"]
[Black "Wang, Tianqi"]
[Result "1/2-1/2"]
[WhiteElo "2441"]
[BlackElo "2199"]
[PlyCount "123"]
[EventDate "2017.01.11"]
[EventType "team"]
[EventRounds "7"]
[EventCountry "USA"]
[Source "Mark Crowther"]
[SourceDate "2017.02.06"]
[WhiteTeam "Montreal ChessBrahs"]
[BlackTeam "Carolina Cobras"]

1. d4 Nf6 2. c4 e6 3. Nc3 d6 4. e4 Nbd7 5. Be3 c5 6. f3 cxd4 7. Bxd4 a6 8. Qd2
Be7 9. Bd3 Qc7 10. Nge2 Ne5 11. b3 b6 12. Rc1 Bb7 13. Bb1 Ned7 14. O-O O-O 15.
Rfd1 Rfd8 16. Bf2 Rac8 17. Nd4 Bf8 18. Kh1 Qb8 19. Bg3 Ba8 20. Nde2 Ne5 21. a4
Nfd7 22. f4 Nc6 23. f5 Nc5 24. Bc2 Nb4 25. Nd4 e5 26. Nf3 b5 27. axb5 axb5 28.
Nd5 Nxc2 29. Qxc2 Bc6 30. f6 g6 31. b4 Bxd5 32. cxd5 Nd7 33. Qd3 Rxc1 34. Rxc1
Nxf6 35. Bh4 Be7 36. h3 Kg7 37. Bxf6+ Bxf6 38. Rc6 h5 39. Kh2 Qb7 40. Qc2 Qa7
41. Qe2 Qa4 42. Rb6 Qxb4 43. Rxb5 Qc3 44. Rb6 Qc1 45. Qd2 Qc4 46. Rb4 Qc5 47.
Rb7 Ra8 48. Qb4 Qe3 49. Rxf7+ Kxf7 50. Qb7+ Be7 51. Qxa8 Qxe4 52. Qh8 Qf4+ 53.
Kh1 Qf6 54. Qh7+ Ke8 55. Qg8+ Kd7 56. Nd2 e4 57. Qa8 Qd4 58. Qc6+ Kd8 59. Qa8+
Kd7 60. Qc6+ Kd8 61. Qa8+ Kd7 62. Qc6+ 1/2-1/2

[Event "PRO League Group Stage"]
[Site "chess.com INT"]
[Date "2017.02.11"]
[Round "5"]
[White "Hambleton, Aman"]
[Black "Hammer, J."]
[Result "0-1"]
[WhiteElo "2441"]
[BlackElo "2628"]
[PlyCount "130"]
[EventDate "2017.01.11"]
[EventType "team"]
[EventRounds "7"]
[EventCountry "USA"]
[Source "Mark Crowther"]
[SourceDate "2017.02.13"]
[WhiteTeam "Montreal ChessBrahs"]
[BlackTeam "Norway Gnomes"]

1. d4 Nf6 2. c4 e6 3. Nc3 Bb4 4. e3 O-O 5. Nge2 Re8 6. a3 Bf8 7. Ng3 d5 8. Be2
dxc4 9. Bxc4 c5 10. O-O cxd4 11. exd4 Nbd7 12. Ba2 Nb6 13. Bg5 h6 14. Bxf6 Qxf6
15. Nge4 Qg6 16. Bb1 Rd8 17. Nd2 Qf6 18. Nf3 Bd7 19. Be4 Nc4 20. Qe2 Nd6 21.
Bc2 Rac8 22. Ne4 Qf4 23. Nxd6 Bxd6 24. Be4 Rc7 25. g3 Bb5 26. Bd3 Bxd3 27. Qxd3
Qf6 28. Rfd1 g5 29. Qe4 Qf5 30. Qxf5 exf5 31. Rd2 Kg7 32. Rad1 Kf6 33. Kg2 Re8
34. h3 g4 35. Ne1 h5 36. hxg4 hxg4 37. Nd3 Re4 38. Nc5 Bxc5 39. dxc5 Rxc5 40.
Rd5 Rc2 41. R1d2 Rxd2 42. Rxd2 Ke6 43. Rd3 f4 44. gxf4 Rxf4 45. Kg3 Re4 46. f3
gxf3 47. Kxf3 Re5 48. Rd8 Rb5 49. b4 Rd5 50. Ra8 Rd3+ 51. Ke4 Rxa3 52. Rb8 b6
53. Kd4 f5 54. Re8+ Kf6 55. Rg8 Rb3 56. Kc4 Re3 57. Rf8+ Kg6 58. Rg8+ Kf7 59.
Rh8 Re4+ 60. Kb5 Re7 61. Kc4 Kg6 62. Rg8+ Kf6 63. Kd4 f4 64. Rg1 Kf5 65. b5 f3
0-1

[Event "PRO League Group Stage"]
[Site "chess.com INT"]
[Date "2017.02.22"]
[Round "7"]
[White "Hambleton, Aman"]
[Black "Erenburg, Sergey"]
[Result "1/2-1/2"]
[WhiteElo "2441"]
[BlackElo "2570"]
[PlyCount "118"]
[EventDate "2017.01.11"]
[EventType "team"]
[EventRounds "7"]
[EventCountry "USA"]
[Source "Mark Crowther"]
[SourceDate "2017.02.27"]
[WhiteTeam "Montreal ChessBrahs"]
[BlackTeam "Philadelphia Inventors"]

1. d4 d5 2. c4 c6 3. Nf3 Nf6 4. e3 a6 5. Nc3 e6 6. Qc2 c5 7. dxc5 Bxc5 8. Be2
O-O 9. O-O dxc4 10. Bxc4 Nbd7 11. Be2 b6 12. Ne4 Bb7 13. Nxc5 Nxc5 14. Rd1 Qb8
15. b4 Be4 16. Qd2 Na4 17. Bb2 Nxb2 18. Qxb2 Qb7 19. Rac1 h6 20. a3 Rac8 21. h3
Nd5 22. Qe5 Nf6 23. Qd6 Bd5 24. Qe5 Rxc1 25. Rxc1 Rc8 26. Qb2 Rxc1+ 27. Qxc1
Bxf3 28. Bxf3 Qd7 29. Qc6 Qd8 30. Qa8 Qxa8 31. Bxa8 Kf8 32. Kf1 Ke7 33. Ke2 Kd6
34. Kd3 Nd7 35. f4 a5 36. Kc4 axb4 37. axb4 e5 38. g3 exf4 39. exf4 Nf6 40. Bf3
Ne8 41. Bd5 f6 42. Bf7 Nc7 43. Kd4 Nb5+ 44. Kc4 Na3+ 45. Kd3 Nb5 46. Bc4 Na7
47. Bf7 Nc6 48. Kc4 Ne7 49. Kb5 Kc7 50. Be6 Nc6 51. Kc4 Kd6 52. Bf5 Nd8 53. Be4
Ne6 54. Kb5 Kc7 55. Kc4 Kd6 56. Kb5 Kc7 57. Kc4 Kd6 58. Kb5 Kc7 59. Kc4 Kd6
1/2-1/2

[Event "PRO League Group Stage"]
[Site "chess.com INT"]
[Date "2017.02.22"]
[Round "7"]
[White "Hambleton, Aman"]
[Black "Smith, Bryan"]
[Result "0-1"]
[WhiteElo "2441"]
[BlackElo "2423"]
[PlyCount "108"]
[EventDate "2017.01.11"]
[EventType "team"]
[EventRounds "7"]
[EventCountry "USA"]
[Source "Mark Crowther"]
[SourceDate "2017.02.27"]
[WhiteTeam "Montreal ChessBrahs"]
[BlackTeam "Philadelphia Inventors"]

1. d4 Nf6 2. c4 g6 3. Nc3 Bg7 4. e4 d6 5. f3 O-O 6. Be3 a6 7. Nge2 Nbd7 8. Qd2
c5 9. O-O-O Qc7 10. Kb1 b5 11. cxb5 axb5 12. Nxb5 Qc6 13. Nec3 Ba6 14. Bh6 Bxh6
15. Qxh6 Rfb8 16. d5 Qb6 17. Qd2 Qa5 18. a4 Nb6 19. b3 c4 20. Bxc4 Nxc4 21.
bxc4 Qb4+ 22. Qb2 Qxc4 23. Rd4 Qc8 24. Rc1 Nd7 25. Rc2 Nc5 26. Rc4 Qf8 27. Rxc5
dxc5 28. e5 Qh6 29. g3 Qe3 30. f4 Qd3 31. Qb3 Bxb5 32. axb5 Ra5 33. Kc1 Raxb5
34. Qa3 Qe3+ 35. Kd1 Rb3 36. Qc1 Qg1+ 37. Kd2 Qxh2+ 38. Ne2 Qf2 39. Qg1 Qf3 40.
Qxc5 Rd3+ 41. Ke1 Rb1+ 42. Rc1 Rxc1+ 43. Qxc1 Qxd5 44. Kf2 Rd2 45. Qc8+ Kg7 46.
Qc3 Rd3 47. Qb2 Qf3+ 48. Ke1 e6 49. Qc2 h5 50. Qc4 Re3 51. Kd2 Qf2 52. Qb5 Rxg3
53. Kd1 Rg2 54. Qd3 h4 0-1

[Event "PRO League Group Stage"]
[Site "chess.com INT"]
[Date "2017.02.22"]
[Round "7"]
[White "Vovk, A."]
[Black "Hambleton, Aman"]
[Result "1-0"]
[WhiteElo "2633"]
[BlackElo "2441"]
[PlyCount "113"]
[EventDate "2017.01.11"]
[EventType "team"]
[EventRounds "7"]
[EventCountry "USA"]
[Source "Mark Crowther"]
[SourceDate "2017.02.27"]
[WhiteTeam "Philadelphia Inventors"]
[BlackTeam "Montreal ChessBrahs"]

1. e4 e6 2. d4 d5 3. Nd2 c5 4. Ngf3 cxd4 5. Nxd4 Nf6 6. exd5 Qxd5 7. Nb5 Na6 8.
Nc3 Qd8 9. a3 Bd7 10. Nc4 Bc6 11. Qxd8+ Rxd8 12. Na5 Nb8 13. Be3 a6 14. f3 Bd6
15. O-O-O O-O 16. Nxc6 Nxc6 17. g3 Be5 18. Bd2 Nd5 19. Ne4 Bd4 20. Re1 h6 21.
c3 Ba7 22. Re2 Ne5 23. Bg2 Nd3+ 24. Kc2 f5 25. Ng5 hxg5 26. Bxg5 Nf6 27. Rxe6
Kf7 28. Re2 Nc5 29. Rhe1 Rfe8 30. Rxe8 Rxe8 31. Rxe8 Nxe8 32. Be3 Bb6 33. c4
Nd7 34. Bxb6 Nxb6 35. Kd3 Nd7 36. b4 b6 37. Kd4 Nc7 38. f4 Ke6 39. Bc6 Nf6 40.
c5 Nb5+ 41. Bxb5 axb5 42. cxb6 Kd6 43. b7 Nd7 44. h3 Nb8 45. g4 Nc6+ 46. Ke3 g6
47. gxf5 gxf5 48. h4 Ke6 49. Kd3 Kf6 50. Kc3 Kg6 51. a4 bxa4 52. b5 Nb8 53. Kb4
Kh5 54. Kxa4 Kxh4 55. Ka5 Kg4 56. Kb6 Nd7+ 57. Kc7 1-0

[Event "St Louis Autumn GM"]
[Site "Saint Louis USA"]
[Date "2016.11.17"]
[Round "1.5"]
[White "Hambleton, Aman"]
[Black "Sachdev, Tania"]
[Result "1-0"]
[WhiteElo "2445"]
[BlackElo "2431"]
[PlyCount "95"]
[EventDate "2016.11.17"]
[EventType "tourn"]
[EventRounds "9"]
[EventCountry "USA"]
[EventCategory "8"]
[Source "Chess Mix"]

1. d4 Nf6 2. c4 e6 3. Nc3 Bb4 4. e3 O-O 5. Nge2 d5 6. a3 Be7 7. cxd5 exd5 8.
Nf4 c6 9. Bd3 a5 10. O-O Na6 11. f3 Nc7 12. Bd2 c5 13. dxc5 Bxc5 14. Kh1 d4 15.
exd4 Bxd4 16. Qc2 Bd7 17. Ne4 g6 18. Ne2 Nxe4 19. Bxe4 Bg7 20. Bc3 Bxc3 21.
Nxc3 Rb8 22. Rad1 Qe7 23. Rfe1 Be6 24. Nd5 Nxd5 25. Bxd5 Rbd8 26. Bxe6 fxe6 27.
Rc1 Rd6 28. Qb3 Qd7 29. h3 Rc8 30. Rxc8+ Qxc8 31. Qb5 b6 32. Qe5 Rc6 33. Re4
Rc2 34. Kh2 Rc6 35. b4 axb4 36. axb4 Rc4 37. Rxc4 Qxc4 38. Qb8+ Kf7 39. Qxb6
Qf4+ 40. Kh1 Qc1+ 41. Qg1 Qb2 42. Qc5 Qa3 43. Qc7+ Kf6 44. b5 e5 45. b6 Qa5 46.
Qd6+ Kf5 47. b7 Kf4 48. Kh2 1-0

[Event "St Louis Autumn GM"]
[Site "Saint Louis USA"]
[Date "2016.11.18"]
[Round "2.2"]
[White "Priyadharshan, Kannappan"]
[Black "Hambleton, Aman"]
[Result "1-0"]
[WhiteElo "2520"]
[BlackElo "2445"]
[PlyCount "101"]
[EventDate "2016.11.17"]
[EventType "tourn"]
[EventRounds "9"]
[EventCountry "USA"]
[EventCategory "8"]
[Source "Chess Mix"]

1. e4 e6 2. d4 d5 3. Nc3 Bb4 4. e5 Ne7 5. a3 Bxc3+ 6. bxc3 b6 7. Qg4 Ng6 8. h4
h5 9. Qd1 Ba6 10. Bxa6 Nxa6 11. Bg5 Qd7 12. Ne2 Qa4 13. Ng3 Qc4 14. Qf3 c5 15.
Rd1 Nc7 16. Nxh5 Rh7 17. Ng3 Nb5 18. h5 Qxc3+ 19. Qxc3 Nxc3 20. hxg6 Rxh1+ 21.
Nxh1 Nxd1 22. Kxd1 cxd4 23. Ng3 Rc8 24. Ne2 Rc4 25. Bc1 f6 26. f4 Ke7 27. Kd2
fxe5 28. fxe5 d3 29. Kxd3 Re4 30. Bg5+ Ke8 31. Bf4 Ra4 32. Nd4 Rxa3+ 33. c3 Kd7
34. Bh6 Ra2 35. g3 Rg2 36. Ne2 Ke8 37. Bxg7 a5 38. Bh6 a4 39. Bc1 Kf8 40. Nf4
Rxg3+ 41. Kc2 Ke7 42. Ba3+ Kd7 43. Bf8 b5 44. g7 d4 45. cxd4 b4 46. d5 a3 47.
dxe6+ Ke8 48. Bxb4 a2 49. Kb2 Rxg7 50. Nd5 Rb7 51. Kxa2 1-0

[Event "St Louis Autumn GM"]
[Site "Saint Louis USA"]
[Date "2016.11.18"]
[Round "3.4"]
[White "Hambleton, Aman"]
[Black "Paikidze, Nazi"]
[Result "1/2-1/2"]
[WhiteElo "2445"]
[BlackElo "2368"]
[PlyCount "201"]
[EventDate "2016.11.17"]
[EventType "tourn"]
[EventRounds "9"]
[EventCountry "USA"]
[EventCategory "8"]
[Source "Chess Mix"]

1. d4 Nf6 2. c4 c5 3. d5 b5 4. cxb5 a6 5. bxa6 g6 6. Nc3 Bg7 7. e4 O-O 8. Bd3
Bxa6 9. Nge2 d6 10. O-O Bb7 11. h3 Nbd7 12. a4 Qb6 13. Qc2 Ba6 14. Bxa6 Qxa6
15. Nb5 Rfc8 16. Nec3 c4 17. Be3 Nc5 18. Nd4 Qb7 19. Nc6 Nb3 20. Ra3 Na5 21.
Nxa5 Rxa5 22. Nb5 Nd7 23. b4 cxb3 24. Qxb3 Nc5 25. Qb4 Rca8 26. Bxc5 dxc5 27.
Qxc5 Rxa4 28. Rxa4 Rxa4 29. Rc1 Be5 30. Qc6 Qa6 31. Qxa6 Rxa6 32. Nc3 Kg7 33.
g3 f5 34. exf5 gxf5 35. Kf1 Ra3 36. Nd1 f4 37. gxf4 Bxf4 38. Rc4 Bg5 39. h4 Bf6
40. Ne3 h5 41. Kg2 Kg6 42. Re4 Kf7 43. Nc4 Ra7 44. Kg3 Kg7 45. d6 exd6 46. Nxd6
Bd8 47. Re6 Ra3+ 48. f3 Bxh4+ 49. Kxh4 Rxf3 50. Kxh5 Rh3+ 51. Kg4 Rh1 52. Ne4
Kf7 53. Ng5+ Kg7 54. Nf3 Ra1 55. Kf5 Rf1 56. Re7+ Kf8 57. Re3 Kf7 58. Kg5 Ra1
59. Re5 Rd1 60. Kf5 Rf1 61. Re3 Rf2 62. Ke5 Ra2 63. Rd3 Ke7 64. Nd4 Ra5+ 65.
Ke4 Ra1 66. Rb3 Re1+ 67. Kd5 Rd1 68. Rb6 Kf7 69. Rd6 Re1 70. Rh6 Rd1 71. Rh4
Kf6 72. Rf4+ Kg5 73. Rf8 Kg6 74. Rf2 Kg5 75. Ke4 Kg6 76. Ke5 Re1+ 77. Ne2 Kg7
78. Ke6 Ra1 79. Rg2+ Kh6 80. Nd4 Kh5 81. Nf3 Rf1 82. Rg3 Ra1 83. Kf5 Ra5+ 84.
Ne5 Kh6 85. Rg1 Kh7 86. Rh1+ Kg7 87. Rh3 Rb5 88. Rg3+ Kh7 89. Ra3 Rb7 90. Rh3+
Kg7 91. Rg3+ Kf8 92. Nc6 Rb6 93. Rg6 Rb1 94. Ke6 Rb6 95. Kd5 Rb5+ 96. Ke6 Rb6
97. Kd7 Rb7+ 98. Kd6 Rb6 99. Kc5 Rb1 100. Ne5 Ra1 101. Kd5 1/2-1/2

[Event "St Louis Autumn GM"]
[Site "Saint Louis USA"]
[Date "2016.11.19"]
[Round "4.3"]
[White "Ashwin, Jayaram"]
[Black "Hambleton, Aman"]
[Result "1/2-1/2"]
[WhiteElo "2477"]
[BlackElo "2445"]
[PlyCount "31"]
[EventDate "2016.11.17"]
[EventType "tourn"]
[EventRounds "9"]
[EventCountry "USA"]
[EventCategory "8"]
[Source "Chess Mix"]

1. Nf3 d5 2. g3 c6 3. Bg2 Bg4 4. O-O Nf6 5. h3 Bh5 6. d3 e6 7. Qe1 Be7 8. e4
Nfd7 9. Bf4 O-O 10. Nbd2 a5 11. g4 Bg6 12. Qe2 Re8 13. Rfe1 Na6 14. a3 Nac5 15.
Bg3 h6 16. Rab1 1/2-1/2

[Event "St Louis Autumn GM"]
[Site "Saint Louis USA"]
[Date "2016.11.19"]
[Round "5.3"]
[White "Hambleton, Aman"]
[Black "Abrahamyan, Tatev"]
[Result "1-0"]
[WhiteElo "2445"]
[BlackElo "2364"]
[PlyCount "106"]
[EventDate "2016.11.17"]
[EventType "tourn"]
[EventRounds "9"]
[EventCountry "USA"]
[EventCategory "8"]
[Source "Chess Mix"]

1. d4 Nf6 2. c4 e6 3. Nc3 Bb4 4. e3 O-O 5. Nge2 d5 6. a3 Be7 7. cxd5 exd5 8.
Nf4 c6 9. Bd3 Na6 10. O-O Nc7 11. f3 b6 12. Bd2 Ne6 13. Nxe6 Bxe6 14. Be1 c5
15. Rc1 cxd4 16. exd4 Ne8 17. Bf2 Nd6 18. Qc2 g6 19. Rfe1 Bf6 20. Qa4 a6 21.
Qb3 Bg5 22. Rcd1 b5 23. Nxd5 Re8 24. Re5 Rc8 25. Rde1 Bd2 26. Rf1 Bh6 27. Qd1
Bg7 28. Nf4 Bxe5 29. dxe5 Nc4 30. Qe2 Qc7 31. Re1 Red8 32. h4 Na5 33. Nxe6 fxe6
34. h5 Nb3 35. Be4 Qxe5 36. hxg6 hxg6 37. Qe3 Nd2 38. Qh6 Qg7 39. Qg5 Nxe4 40.
Rxe4 Rd1+ 41. Kh2 Rd5 42. Qg4 Qh7+ 43. Bh4 Re8 44. Rxe6 Rxe6 45. Qxe6+ Qf7 46.
Qe4 Kh7 47. Bf2 Qc7+ 48. f4 Rf5 49. Be3 Qd7 50. Bd4 Qd5 51. Qe3 Rh5+ 52. Kg3
Rf5 53. Qe7+ Qf7 1-0

[Event "St Louis Autumn GM"]
[Site "Saint Louis USA"]
[Date "2016.11.20"]
[Round "6.2"]
[White "Chandra, Akshat"]
[Black "Hambleton, Aman"]
[Result "1-0"]
[WhiteElo "2509"]
[BlackElo "2445"]
[PlyCount "61"]
[EventDate "2016.11.17"]
[EventType "tourn"]
[EventRounds "9"]
[EventCountry "USA"]
[EventCategory "8"]
[Source "Chess Mix"]

1. d4 d5 2. c4 dxc4 3. Nf3 Nf6 4. e3 e6 5. Bxc4 c5 6. O-O a6 7. Nc3 b5 8. Be2
Bb7 9. dxc5 Qxd1 10. Rxd1 Bxc5 11. Nd2 Be7 12. Nb3 Nc6 13. f3 O-O 14. e4 Rac8
15. Be3 Ne5 16. Rac1 h6 17. a4 Nc4 18. Bxc4 bxc4 19. Na5 Ba8 20. Na2 Rfd8 21.
Rxd8+ Bxd8 22. Nxc4 Be7 23. Kf1 Ne8 24. b4 f5 25. Bc5 Bg5 26. Rd1 Bc6 27. Nc3
fxe4 28. fxe4 Nf6 29. Ke2 Nd7 30. Be3 Bxe4 31. Nxe4 1-0